1333 1374 1450 1835 1672 1397 1602 1212 1381 1414 1261 1888 1445 1564 1423 1213 1253 1196 1636 1787 1807 1108 1402 1683 1079 1338 1413 1560 1561 1352 1600 1739 1152 1556 1966 1096 1527 1182 1525 1712 1963 1946 1275 1234 1630 1819 1151 1083 1493 1092 1983 1231 1394 1439 1278 1523 1200 1617 1976 1311 1437 1836 1688 1893 1558 1639 1174 1050 1282 1487 1640 1802 1480 1316 1269 1060 1759 1296 1815 1627 1174 1914 1135 1918 1453 1980 1415 1935 1199 1349 1879 1175 1305 1084 1660 1493 1978 1183 1371 BCNSPRNW ULIB Ver.6.0+V

เปลี่ยนเป็นภาษาไทย

Change to English
 แสดงรายละเอียดบรรณานุกรม
  กลับหน้าหลัก

Brief Record : Get Marc (ISO 2709) : E-mail record : QR code < ปิดหน้าต่าง
LEADER : 00000nam 2200000uu 4500
001    13399126351
003     ULIB
008    180911s||||||||th 000 0 tha d
020    ^a9786160437818
050 ^a ^aLC94.T5 ^bย626ฝ
100 ^a ^aยะมะซะกิ, อะกะชิ
245 ^a ^aฝึกบริหารจัดการตนเอง / ^cAkashi Yamazaki, เขียน ; อังคณา รัตนจันทร์, แปล
250 ^a ^aพิมพ์ครั้งที่ 1
260 ^a ^aกรุงเทพฯ : ^bนานมีบุ๊คส์, ^c2560
300 ^a ^a129 หน้า : ^bภาพประกอบ
440 ^a ^aทักษะการทำงาน ฝึกได้ตั้งแต่วัยเรียน
650 ^a ^aการจัดการบ้าน
650  0 ^a การทำความสะอาดบ้าน
700 ^a อังคณา รัตนจันทร์, ^eผู้แปล
945    ^p245^l0^i004584
945    ^p245^l0^i004585
945    ^p245^l0^i004586
999    ^aประนอม เกษจรัล
รายการนี้ยังไม่มีแท็ก
คุณยังไม่ได้ล็อกอิน คุณสามารถมีกิจกรรมร่วมกับเว็บไซต์ได้ แต่ต้องล็อกอินก่อน ::
  ล็อกอิน

รายการสื่อสารสนเทศ

ลำดับที่ ประเภท เลขเรียก/บาร์โค้ด สถานที่ สถานะ
1. การศึกษาทั่วไป
หนังสือสำรอง
สถานะ=หนังสือสำรอง
LC94.T5 ย626ฝ ฉ.1 
  Barcode: 004584
ห้องสมุดวิทยาเขตสวรรค์ประชารักษ์
►หนังสือทั่วไป
บนชั้น
2. การศึกษาทั่วไป
การศึกษาทั่วไป
LC94.T5 ย626ฝ ฉ.2 
  Barcode: 004585
ห้องสมุดวิทยาเขตสวรรค์ประชารักษ์
►หนังสือทั่วไป
บนชั้น
3. การศึกษาทั่วไป
การศึกษาทั่วไป
LC94.T5 ย626ฝ ฉ.3 
  Barcode: 004586
ห้องสมุดวิทยาเขตสวรรค์ประชารักษ์
►หนังสือทั่วไป
บนชั้น

รายการใกล้เคียง
    ผู้แต่ง [ยะมะซะกิ, อะกะชิ]

    หัวเรื่อง [การจัดการบ้าน]
    หัวเรื่อง [การทำความสะอาดบ้าน]

BibComment


ยังไม่เคยถูกคอมเมนท์

คอมเมนท์ทรัพยากรรายการนี้
  คอมเมนท์: ฝึกบริหารจัดการต..


 Copyright 2026. Bcnsprnw @Library